2024 F1 podiums quiz - Statistics

General Stats
  • This quiz has been taken 32 times
    30 since last reset
  • The average score is 48 of 72
Answer Stats
Hint Answer % Correct
Bahrain 1 Max Verstappen
100%
Bahrain 2 Sergio Perez
95%
Bahrain 3 Carlos Sainz
77%
Australia 1 Carlos Sainz
77%
Japan 3 Carlos Sainz
77%
Monaco 3 Carlos Sainz
77%
Austria 3 Carlos Sainz
77%
Saudi Arabia 3 Charles Leclerc
77%
Australia 2 Charles Leclerc
77%
Miami 3 Charles Leclerc
77%
Emilia Romagna 3 Charles Leclerc
77%
Monaco 1 Charles Leclerc
77%
Canada 3 George Russell
77%
Austria 1 George Russell
77%
Australia 3 Lando Norris
77%
China 2 Lando Norris
77%
Miami 1 Lando Norris
77%
Emilia Romagna 2 Lando Norris
77%
Canada 2 Lando Norris
77%
Spain 2 Lando Norris
77%
Silverstone 3 Lando Norris
77%
Spain 3 Lewis Hamilton
77%
Silverstone 1 LEWIS HAMILTON
77%
Saudi Arabia 1 Max Verstappen
77%
Japan 1 Max Verstappen
77%
China 1 Max Verstappen
77%
Miami 2 Max Verstappen
77%
Emilia Romagna 1 Max Verstappen
77%
Canada 1 Max Verstappen
77%
Spain 1 Max Verstappen
77%
Silverstone 2 Max Verstappen
77%
Monaco 2 Oscar Piastri
77%
Austria 2 Oscar Piastri
77%
Hungary 1 Oscar Piastri
77%
Saudi Arabia 2 Sergio Perez
77%
Japan 2 Sergio Perez
77%
China 3 Sergio Perez
77%
Hungary 2 Lando Norris
73%
Hungary 3 Lewis Hamilton
73%
Spa 1 LEWIS HAMILTON
68%
Spa 3 Charles Leclerc
64%
Netherlands 3 Charles Leclerc
64%
Netherlands 1 Lando Norris
64%
Netherlands 2 Max Verstappen
64%
Spa 2 Oscar Piastri
64%
Monza 1 Charles Leclerc
59%
Monza 2 Lando Norris
59%
Monza 3 Oscar Piastri
59%
Baku 1 Oscar Piastri
59%
Brazil 1 Max Verstappen
55%
COTA 2 Carlos Sainz
50%
Mexico 1 Carlos Sainz
50%
Las Vegas 3 Carlos Sainz
50%
Baku 3 Charles Leclerc
50%
COTA 1 Charles Leclerc
50%
Brazil 2 Esteban Ocon
50%
Baku 2 George Russell
50%
Las Vegas 1 George Russell
50%
Singapore 1 Lando Norris
50%
Las Vegas 2 Lewis Hamilton
50%
Singapore 2 Max Verstappen
50%
COTA 3 Max Verstappen
50%
Singapore 3 Oscar Piastri
50%
Brazil 3 Pierre Gasly
50%
Abu Dhabi 2 Carlos Sainz
45%
Qatar 2 Charles Leclerc
45%
Abu Dhabi 3 Charles Leclerc
45%
Mexico 2 Lando Norris
45%
Abu Dhabi 1 Lando Norris
45%
Qatar 1 Max Verstappen
45%
Mexico 3 Oscar Piastri
45%
Qatar 3 Oscar Piastri
45%
No matching quizzes found
Score Distribution
Percent of People with Each Score
Percentile by Number Answered
Your Score History
You have not taken this quiz since the last reset